| 000 | 02112nam0a2200421 4500 | ||
|---|---|---|---|
| 001 | RU\NLR\bibl\1482663 | ||
| 005 | 20260412063329.0 | ||
| 010 |
_a978-5-98787-047-1 _9500 |
||
| 021 |
_aRU _b2010-106 _96 |
||
| 035 | _a(nilc)RSL-KNO-004569133 | ||
| 035 | _a(NLR Aleph) 001474297 | ||
| 090 |
_a1663332 _c1663332 |
||
| 100 | _a20100127d2008 |||y0rusy50 ca | ||
| 101 | 0 |
_arus _aeng _alit |
|
| 102 | _aRU | ||
| 105 | _aa zzzz||||| | ||
| 200 | 1 |
_aОзеро Виштынецкое _dVištyčio ežeras _f[К.В. Тылик, С.В. Шибаев, Т.А. Берникова и др. _gотв. ред.: К. В. Тылик, С. В. Шибаев] _gФедеральное гос. образовательное учреждение высш. проф. образования "Калининградский гос. технический ун-т" _zlit |
|
| 210 |
_aКалининград _cИП Мишуткина И.В. _d2008 |
||
| 215 |
_a142, [1] с. _cил., цв. ил., портр. _d29 |
||
| 300 | _aАвт. указаны на обороте тит.л. | ||
| 300 | _aТекст на рус., англ. и литов. яз. | ||
| 320 | _aБиблиогр.: с. 114-117 (116 назв.) | ||
| 510 | 1 |
_aVištyčio ežeras _zlit |
|
| 607 |
_aВиштынецкое озеро (Прибалтика) _91303836 _3RU\NLR\AUTH\66223022 |
||
| 686 |
_aД9(233,1)226.1Виштынецкое.я6 _2rubbk |
||
| 686 | _aЕ082.412 | ||
| 686 | _aД226.9(2)Виштынецкое | ||
| 701 | 1 |
_4070 _8rus _7ca _aТылик _bК. В. _gКонстантин Владимирович _3RU\NLR\AUTH\7777100 _960028 |
|
| 701 | 1 |
_aШибаев _bС. В. _gСергей Вадимович _4070 |
|
| 701 | 1 |
_aБерникова _bТ. А. _gТатьяна Александровна _4070 |
|
| 712 | 0 | 2 |
_4570 _aКалининградский государственный технический университет _3RU\NLR\AUTH\8810034023 _9566517 |
| 801 | 0 |
_aRU _bRuMoRGB _c20100127 _grcr |
|
| 801 | 1 |
_aRU _bRuMoRGB _c20100127 |
|
| 801 | 2 |
_aRU _bNLR _c20100310 _grcr |
|
| 942 | _cBOOK | ||
| 980 | _aNB | ||